Statistics for Five Least Peaceful Countries by Continent

Click here to take the quiz!

General Stats

  • This quiz has been taken 1,295 times
    (1,031 since last reset)
  • The average score is 21 of 28

Answer Stats

Answer% Correct
Russia154
93%
Mexico140
91%
Ukraine150
90%
Colombia143
89%
Iraq159
88%
Venezuela144
88%
Brazil116
87%
United States128
86%
Afghanistan163
84%
Syria162
81%
Australia13
79%
Dem. rep. of the Congo155
78%
New Zealand2
76%
Guatemala114
75%
Honduras123
74%
Somalia158
74%
Nicaragua120
73%
Papua New Guinea98
73%
Belarus97
72%
Paraguay88
72%
Guyana92
71%
Pakistan153
68%
South Sudan161
68%
Yemen160
64%
Libya156
63%
Kosovo86
54%
Central African Republic157
50%
Georgia99
22%

Score Distribution

Percentile by Number Answered

Percent of People with Each Score

Your Score History

You have not taken this quiz since the last reset